000 00286nam a22001217a 4500
008 160420b xxu||||| |||| 00| 0 eng d
020 _a9781451192728
020 _a145119272X
041 _aeng
080 _a618.2
245 _aFundamentals of Nursing:
_cMarilee LeBon;
942 _2udc
_cBK
999 _c1461
_d1461